| 000 | 00723nam a2200181Ia 4500 | ||
|---|---|---|---|
| 008 | 151018s9999 xx 000 0 und d | ||
| 082 |
_bRBASDV31511 _a780 |
||
| 100 | _aविष्णू नारायण भातखंडे | ||
| 245 | _aभातखंडे संगीत शास्त्र | ||
| 250 | _b3 | ||
| 260 |
_bसंगीत कार्यालय _c1984 |
||
| 300 | _a352 | ||
| 600 | _aविष्णू नारायण भातखंडे | ||
| 630 | _aभातखंडे संगीत शास्त्र | ||
| 700 | _aविष्णू नारायण भातखंडे | ||
| 730 | _aभातखंडे संगीत शास्त्र | ||
| 942 | _cBOOK | ||
| 999 |
_c1031044 _d1031041 |
||